| 000 | 00499nam a2200169 a 4500 | ||
|---|---|---|---|
| 001 | 52209 | ||
| 005 | 20180714041954.0 | ||
| 008 | 140415s1964 000 0 spa d | ||
| 041 | _aspa | ||
| 082 |
_a371.01 _bPRA |
||
| 100 | 1 | _aPRADA, ABNER M. | |
| 245 | 1 | 3 | _aLA ESCUELA RURAL UNITARIA |
| 260 |
_a[s.l.] : _bINSTITUTO FEDERAL DE CAPACITACION DEL MAGISTERIO, _c1964 |
||
| 300 | _a108 | ||
| 490 | _aBIBLIOTECA PEDAGOGICA DE PERFECCIONAMIENTO PRO... | ||
| 650 | 1 | 4 | _aESCUELAS RURALES |
| 999 |
_c52209 _d52209 |
||